000 03716 a2200313 4500
999 _c10752
_d10752
020 _a9780323672795
020 _a0323672795
050 0 0 _aRD78.8
_b.ANE 2021
100 _aEhrenwerth, Jan
_eeditor
245 0 0 _aAnesthesia equipment :
_bprinciples and applications /
_ceditors, Jan Ehrenwerth, James B. Eisenkraft, James M. Berry.
250 _aThird edition.
264 1 _aSt. Louism Missouri :
_bElsevier,
_c2021
300 _axii, 644 pages :
_billustrations (chiefly color) ;
336 _atext
_btxt
_2rdacontent
336 _astill image
_bsti
_2rdacontent
337 _aunmediated
_bn
_2rdamedia
338 _avolume
_bnc
_2rdacarrier
500 _aPrevious edition: 2013.
504 _aIncludes bibliographical references and index.
505 _aPart1: Gases and ventilation. Medical gases: storage and supply The anesthesia machine and workstation Anesthesia vaporizers Breathing circuits Waste anesthetic gases and scavenging systems Anesthesia ventilators Humidification and filtration Part2: System monitors. Respiratory gas monitoring Monitoring ventilation Part3: Patient monitors. Capnography Pulse oximetry Hemodynamic monitoring Temperature monitoring Part4: Other equipment. Airway equipment Preventing transmission of infectious diseases Infusion pumps Part5: Vigilance, alarms, and ergonomics. Vigilance, alarms, and integrated monitoring systems Ergonomics of the anesthesia workspace Part6: Special conditions. Closed-circuit anesthesia Anesthesia delivery in the MRI environment Anesthesia at high altitude Anesthesia in difficult locations and in developing countries Part7: Safety, standards, and quality. Hazards of the anesthesia delivery system Electrical and fire safety Machine checkout and quality assurance Risk management and medicolegal aspects of anesthesia equipment use Standards and regulatory considerations
520 _aOffering highly visual, easy-to-read coverage of the full range of anesthesia equipment in use today, this authoritative reference is your go-to text for objective, informed answers to ensure optimal patient safety. Anesthesia Equipment, 3rd Edition, provides detailed information on the intricate workings of each device or workstation, keeping you fully up to date and helping you meet both equipment and patient care challenges. Remains unequalled in both depth and breadth of coverage, offering readable, concise guidance on all aspects of today's anesthesia machines and equipment. Details the latest machines, vaporizers, ventilators, breathing systems, vigilance, ergonomics, and simulation. Improves your understanding of the physical principles of equipment, the rationale for its use, delivery systems for inhalational anesthesia, systems monitoring, hazards and safety features, maintenance and quality assurance, special situations/equipment for non-routine adult anesthesia, and future directions for the field. Includes ASA Practice Parameters for care, and helps you ensure patient safety with detailed advice on risk management and medicolegal implications of equipment use. Highlights the text with hundreds of full-color line drawings and photographs, graphs, and charts. Your enhanced eBook allows you to access all of the text, figures, and references from the book on a variety of devices
650 0 _aAnesthesiology
_xApparatus and instruments.
650 2 _aAnesthesiology
_xinstrumentation
650 7 _aAnesthesiology
_xApparatus and instruments.
700 1 _aEisenkraft, James B.,
_eeditor.
700 1 _aBerry, James M.
_q(James Michael),
_eeditor.
942 _2lcc
_cBK
_h78.8
_iANE
_kRD